000 01010cab a2200277 4500
001 ABS52599
008 090401t1995 xxu||||| |||| 00| 0 eng d
035 _a(Sirsi) u85992
041 _aeng
100 _aPal, J.
245 _aUps and downs in the centre quality debate
260 _c1995
350 _a0
490 _aPlanning (for the Natural and Built Environment)
_v(1109) 10 March 1995, 24-25(2)
520 _aQuestions the motives of those involved in protecting town centres, the validity of the town centre debate, which generally omits the views of shoppers and the aspiration for `quality` town centres, which with more expensive goods will not cater for every shopper`s needs.
650 _aCUSTOMERS NEEDS
650 _aFUTURE
650 _aRETAIL PLANNING
650 _aRETAIL PROPERTY
650 _aRETAILING
650 _aTOWN CENTRES
690 _aPROPERTY-COMMERCIAL PROPERTY-RETAIL PROPERTY
690 _aPLANNING LAW AND PRACTICE
942 _n0
948 _c04/03/1997
999 _c54105
_d54105